Návrh ochrany dátových rozvodov pred prepätím

Na minha lista:
Detalhes bibliográficos
Main Authors: Feranec, Pavol (Author), Valent, Ferdinand, 1940- (Author)
Formato: Manuscrito Livro
Publicado em: Bratislava : STU v Bratislave FEI, 2005
Assuntos:
Tags: Adicionar Tag
Sem tags, seja o primeiro a adicionar uma tag!

MARC

LEADER 00000ntm a22000003a 4500
001 stu103954
005 20150617225825.4
008 060123s2005----xo----------------------d
040 |a STU  |b slo 
041 0
044 |a xo 
100 1 |a Feranec, Pavol  |4 aut 
245 1 |a Návrh ochrany dátových rozvodov pred prepätím 
260 |a Bratislava :  |b STU v Bratislave FEI,  |c 2005 
300 |a 65 s 
650 7 |a Elektroenergetika  |2 stusub 
650 7 |a silnoprúdová elektrotechnika  |2 stusub 
700 1 |a Valent, Ferdinand,  |d 1940-  |4 aut  |u E020  |U FEI Fakulta elektrotechniky a informatiky  |T FEI Ústav elektroenergetiky a aplikovanej elektrotechniky  |X 3652  |U E020  |Y 548  |7 A000003652